[Event "Aimchess US Rapid KO 2021"]
[Site "chess24.com INT"]
[Date "2021.08.31"]
[Round "1.11"]
[White "Artemiev, Vladislav"]
[Black "Dominguez Perez, Leinier"]
[Result "1/2-1/2"]
[WhiteTitle "GM"]
[BlackTitle "GM"]
[WhiteElo "2704"]
[BlackElo "2758"]
[WhiteFideId "24101605"]
[BlackFideId "3503240"]
[EventDate "2021.08.31"]
[EventType "k.o."]

1. d4 d5 2. c4 dxc4 3. Nf3 Nf6 4. e3 e6 5. Bxc4 a6 6. O-O c5 7. b3 cxd4 8. Nxd4
Be7 9. Bb2 O-O 10. Nd2 b5 11. Be2 Bb7 12. Bf3 Nd5 13. a4 Nc6 14. axb5 Nxd4 15.
Bxd4 axb5 16. Qe2 Bc6 17. Rac1 Rc8 18. Ne4 Ba3 19. Rc2 Qe7 20. Ra1 e5 21. Bc5
Bxc5 22. Rxc5 f5 23. Rac1 Nb4 24. Qd2 fxe4 25. Bg4 Nd3 26. Rxc6 Rcd8 27. Rf1
Nxf2 28. Qe2 Nxg4 29. Qxg4 Rxf1+ 30. Kxf1 Qf7+ 31. Kg1 Qxb3 32. Qxe4 Qd5 33.
Qxd5+ Rxd5 34. Kf2 e4 35. Kg3 Rg5+ 36. Kh3 Rg6 37. Rc8+ Kf7 38. Rb8 Rg5 39. g4
Ke6 40. Kg3 h5 41. h3 hxg4 42. hxg4 Re5 43. Rb6+ Kd7 44. Rb7+ Kc6 45. Rxg7 b4
46. Rg8 Rb5 47. Rc8+ Kd5 48. Kf4 b3 49. Rc1 b2 50. Rb1 Rb4 51. Kf5 Kc4 52. Kxe4
Kc3+ 53. Kf5 Kc2 54. Rxb2+ Rxb2 55. g5 Rb5+ 56. Kf6 Kd3 57. g6 Rb6+ 58. Kf7 Rb7+
59. Kf8 Kxe3 60. g7 Rxg7 61. Kxg7 1/2-1/2

[Event "Aimchess US Rapid KO 2021"]
[Site "chess24.com INT"]
[Date "2021.08.31"]
[Round "1.11"]
[White "Aronian, Levon"]
[Black "Mamedyarov, Shakhriyar"]
[Result "1-0"]
[WhiteTitle "GM"]
[BlackTitle "GM"]
[WhiteElo "2782"]
[BlackElo "2782"]
[WhiteFideId "13300474"]
[BlackFideId "13401319"]
[EventDate "2021.08.31"]
[EventType "k.o."]

1. e4 e5 2. Nf3 Nc6 3. Bb5 a6 4. Ba4 Nf6 5. d3 b5 6. Bb3 Bc5 7. c3 O-O 8. O-O d5
9. exd5 Nxd5 10. Nbd2 f6 11. Ne4 Ba7 12. a3 Kh8 13. Re1 Bg4 14. h3 Bh5 15. Ng3
Bf7 16. Bc2 Qd7 17. Bd2 Rae8 18. b4 Nde7 19. a4 Bb6 20. Qe2 f5 21. Nh4 h6 22.
Kh1 Qe6 23. axb5 axb5 24. d4 Qf6 25. Nhxf5 Nxf5 26. Nxf5 exd4 27. Qd3 Bc4 28.
Rxe8 Rxe8 29. Qg3 Nxb4 30. Bb1 d3 31. Nd4 Bxd4 32. cxd4 Nc6 33. Ra3 Qxd4 34.
Bxd3 Ne5 35. Bxc4 bxc4 36. Bc3 Qd6 37. Ra5 Ng6 38. Qxd6 cxd6 39. Ra6 Re6 40. Rc6
Ne5 41. Rc8+ Kh7 42. f4 Nd3 43. Rc7 Kg8 44. f5 Re2 45. Rxg7+ Kf8 46. Rc7 Ne5 47.
Bb4 Kg8 48. Bxd6 Nf7 49. Bf4 Re4 50. g3 h5 51. Kg2 Rd4 52. Kf3 h4 53. g4 Rd3+
54. Ke4 Rxh3 55. g5 Rd3 56. g6 1-0

[Event "Aimchess US Rapid KO 2021"]
[Site "chess24.com INT"]
[Date "2021.08.31"]
[Round "1.11"]
[White "Carlsen, Magnus"]
[Black "Duda, Jan-Krzysztof"]
[Result "1-0"]
[WhiteTitle "GM"]
[BlackTitle "GM"]
[WhiteElo "2847"]
[BlackElo "2738"]
[WhiteFideId "1503014"]
[BlackFideId "1170546"]
[EventDate "2021.08.31"]
[EventType "k.o."]

1. Nf3 d5 2. g3 g6 3. Bg2 Bg7 4. O-O Nf6 5. c4 c6 6. b3 Ne4 7. d4 O-O 8. Bb2 Bf5
9. e3 a5 10. Nc3 Nd7 11. Qe2 Nxc3 12. Bxc3 Be4 13. cxd5 cxd5 14. Qb5 Qc7 15.
Rfc1 Qc6 16. Qxc6 bxc6 17. Ne1 g5 18. Bxe4 dxe4 19. Rc2 Rfb8 20. Rac1 a4 21. b4
a3 22. Bd2 e6 23. Rxc6 Bf8 24. Nc2 Nf6 25. Rb1 Nd5 26. Rb3 g4 27. b5 Rb7 28. Bc1
Rba7 29. Rc5 Ra4 30. Bxa3 Bxc5 31. dxc5 e5 32. Nb4 Nxb4 33. Bxb4 Rxa2 34. b6 Rc2
35. Bc3 f6 36. b7 1-0

[Event "Aimchess US Rapid KO 2021"]
[Site "chess24.com INT"]
[Date "2021.08.31"]
[Round "1.12"]
[White "Dominguez Perez, Leinier"]
[Black "Artemiev, Vladislav"]
[Result "1-0"]
[WhiteTitle "GM"]
[BlackTitle "GM"]
[WhiteElo "2758"]
[BlackElo "2704"]
[WhiteFideId "3503240"]
[BlackFideId "24101605"]
[EventDate "2021.08.31"]
[EventType "k.o."]

1. e4 c6 2. d4 d5 3. e5 Bf5 4. Nf3 e6 5. Be2 c5 6. Be3 Nd7 7. O-O Ne7 8. Nbd2
Nc6 9. c4 Be7 10. cxd5 exd5 11. dxc5 Bxc5 12. Bxc5 Nxc5 13. Nb3 Nxb3 14. Qxb3
Qb6 15. Qxd5 Qxb2 16. Bb5 O-O 17. Bxc6 bxc6 18. Qxc6 Rfd8 19. h3 h6 20. a4 Rac8
21. Qb5 Qc3 22. Rac1 Qxc1 23. Rxc1 Rxc1+ 24. Kh2 Be6 25. Qb7 Rd7 26. Qa8+ Kh7
27. Qe4+ g6 28. Qh4 Kg7 29. Nd4 Bd5 30. Qf6+ Kh7 31. Nf5 gxf5 32. Qxf5+ Kg7 33.
Qg4+ Kh7 34. Qxd7 Be6 35. Qxa7 1-0

[Event "Aimchess US Rapid KO 2021"]
[Site "chess24.com INT"]
[Date "2021.08.31"]
[Round "1.12"]
[White "So, Wesley"]
[Black "Firouzja, Alireza"]
[Result "0-1"]
[WhiteTitle "GM"]
[BlackTitle "GM"]
[WhiteElo "2772"]
[BlackElo "2759"]
[WhiteFideId "5202213"]
[BlackFideId "12573981"]
[EventDate "2021.08.31"]
[EventType "k.o."]

1. c4 e6 2. Nc3 d5 3. d4 Nf6 4. cxd5 exd5 5. Bg5 c6 6. e3 h6 7. Bh4 Be7 8. Bd3
O-O 9. Nge2 Re8 10. Qc2 Nbd7 11. f3 b5 12. O-O Nb6 13. Rad1 Bd7 14. Kh1 Rc8 15.
a3 a5 16. Qd2 b4 17. axb4 axb4 18. Na2 c5 19. dxc5 Bxc5 20. Nd4 Nc4 21. Bxc4
dxc4 22. Nxb4 Ne4 23. fxe4 Qxh4 24. Nd5 Qxe4 25. Nc3 Qxe3 26. Qxe3 Rxe3 27. Nc2
Rd3 28. Rxd3 cxd3 29. Ne1 d2 30. Nf3 Be3 31. Rd1 Bg4 32. h3 Bxf3 33. gxf3 f5 34.
Kg2 Rb8 35. Ra1 Rxb2 36. Ra8+ Kh7 37. Nd1 Rb1 38. Nxe3 f4 39. Nd1 Rxd1 40. Rd8
g5 41. Rd6 Kg7 42. h4 gxh4 43. Rd4 h3+ 44. Kh2 Kg6 45. Rd6+ Kg5 46. Rd8 Kh4 47.
Rd6 Rf1 48. Rxd2 Rxf3 49. Ra2 h5 50. Rb2 Kg4 51. Ra2 Re3 52. Rb2 Re4 53. Rb8
Re2+ 54. Kg1 Kg3 55. Rg8+ Kf3 56. Rh8 h4 57. Ra8 Rd2 58. Ra3+ Kg4 59. Ra8 Kg3
60. Rg8+ Kf3 61. Rf8 Re2 62. Ra8 Re1+ 63. Kh2 Kf2 64. Kxh3 f3 65. Ra3 Re3 66.
Ra1 Ke2 67. Ra2+ Kf1 68. Ra1+ Re1 69. Ra8 f2 70. Kh2 Ke2 0-1

[Event "Aimchess US Rapid KO 2021"]
[Site "chess24.com INT"]
[Date "2021.08.31"]
[Round "1.12"]
[White "Mamedyarov, Shakhriyar"]
[Black "Aronian, Levon"]
[Result "1-0"]
[WhiteTitle "GM"]
[BlackTitle "GM"]
[WhiteElo "2782"]
[BlackElo "2782"]
[WhiteFideId "13401319"]
[BlackFideId "13300474"]
[EventDate "2021.08.31"]
[EventType "k.o."]

1. d4 Nf6 2. c4 e6 3. Nf3 d5 4. Nc3 Bb4 5. Bg5 dxc4 6. e4 c5 7. Bxc4 cxd4 8.
Nxd4 Qa5 9. Bd2 Qc5 10. Bb5+ Bd7 11. Nb3 Qc7 12. O-O O-O 13. Bd3 Nc6 14. f4 e5
15. f5 Na5 16. Kh1 Nc4 17. Bxc4 Qxc4 18. Bg5 Bxc3 19. Bxf6 gxf6 20. Qg4+ Kh8 21.
Qh4 Rg8 22. bxc3 Rg5 23. Nd2 Qc6 24. Nf3 Rg7 25. h3 Rag8 26. Rf2 h5 27. Rd1 Qa4
28. Rd6 Bc6 29. Rxf6 Qxe4 30. Rh6+ Rh7 31. Qf6+ Rg7 32. Qd8+ Rg8 33. Qf6+ Rg7
34. Rd2 1-0

[Event "Aimchess US Rapid KO 2021"]
[Site "chess24.com INT"]
[Date "2021.08.31"]
[Round "1.12"]
[White "Duda, Jan-Krzysztof"]
[Black "Carlsen, Magnus"]
[Result "1/2-1/2"]
[WhiteTitle "GM"]
[BlackTitle "GM"]
[WhiteElo "2738"]
[BlackElo "2847"]
[WhiteFideId "1170546"]
[BlackFideId "1503014"]
[EventDate "2021.08.31"]
[EventType "k.o."]

1. e4 e5 2. Nf3 Nc6 3. Bb5 Nf6 4. d3 d6 5. O-O Be7 6. c3 O-O 7. Re1 a6 8. Ba4
Re8 9. Nbd2 Bf8 10. Nf1 h6 11. Ng3 b5 12. Bc2 d5 13. exd5 Nxd5 14. a4 Rb8 15.
Bd2 Nf6 16. b4 Qd6 17. Nh4 Bg4 18. Qc1 Qd7 19. h3 Be6 20. Qd1 Rbd8 21. Nf3 Bd5
22. Be3 Qc8 23. Nd2 Ne7 24. Nge4 Nxe4 25. dxe4 Be6 26. Qe2 c6 27. Bb6 Rd7 28.
Nf3 Ng6 29. Qe3 f6 30. h4 Nf4 31. g3 g5 32. Red1 Rg7 33. Kh2 Bc4 34. Ng1 Ne6 35.
h5 g4 36. Rd2 Rg5 37. Bd3 Bxd3 38. Qxd3 Rxh5+ 39. Kg2 Rg5 40. axb5 cxb5 41. Rda2
Rg7 42. Rxa6 Qd7 43. Qd5 Qxd5 44. exd5 Ng5 45. Bc5 Rd7 46. Rxf6 Bg7 47. Rb6 Ne4
48. Ne2 Rxd5 49. Ra7 Red8 50. Be3 Nd6 51. Rc6 Nf5 52. Bc1 R8d7 53. Ra2 Kf7 54.
c4 bxc4 55. Rxc4 h5 56. Rb2 Rb7 57. Be3 Nxe3+ 58. fxe3 Bf8 59. Nc3 Rd3 60. b5
Ke6 61. e4 Ba3 62. Rf2 Bd6 63. Rc6 Rf7 64. Rxf7 Kxf7 65. b6 Ke7 66. Nd5+ Kd7 67.
Rc2 Rb3 68. Rf2 Bc5 69. Rf7+ Kc6 70. Rc7+ Kd6 71. b7 Ba7 72. Rh7 Kc5 73. Rd7 Kd4
74. Nb4+ Ke3 75. Nd5+ Kxe4 76. Nf6+ Kf5 77. Nxh5 Rb2+ 78. Kf1 Ke4 79. Ke1 Bd4
80. Kd1 Kd3 81. Kc1 Rc2+ 82. Kb1 Rb2+ 83. Kc1 Rc2+ 84. Kb1 Rb2+ 85. Kc1 1/2-1/2

[Event "Aimchess US Rapid KO 2021"]
[Site "chess24.com INT"]
[Date "2021.08.31"]
[Round "1.13"]
[White "Artemiev, Vladislav"]
[Black "Dominguez Perez, Leinier"]
[Result "1/2-1/2"]
[WhiteTitle "GM"]
[BlackTitle "GM"]
[WhiteElo "2704"]
[BlackElo "2758"]
[WhiteFideId "24101605"]
[BlackFideId "3503240"]
[EventDate "2021.08.31"]
[EventType "k.o."]

1. d4 d5 2. Nf3 Nf6 3. Bf4 e6 4. e3 c5 5. Nbd2 Qb6 6. Rb1 Bd6 7. Bg3 O-O 8. c3
Nbd7 9. Bd3 Qc7 10. b4 c4 11. Bc2 b5 12. a4 a6 13. e4 e5 14. O-O Bb7 15. axb5
axb5 16. dxe5 Nxe5 17. Nd4 Qb6 18. f4 Neg4 19. e5 Ne3 20. Qc1 Be7 21. exf6 Bxf6
22. Re1 Nxc2 23. Qxc2 Bxd4+ 24. cxd4 Qxd4+ 25. Bf2 Qxf4 26. Be3 Qg4 27. h3 Qd7
28. Bd4 Rfe8 29. Nf1 f6 30. Ng3 Rxe1+ 31. Rxe1 Re8 32. Rf1 Qf7 33. Qf2 Bc8 34.
Qf3 h6 35. Nh5 Rd8 36. Kh1 Qg6 37. Nxg7 Qxg7 38. Bxf6 Rf8 39. Qxd5+ Qf7 40. Qe5
Qg6 41. Rf3 Kh7 42. Qc7+ Rf7 43. Qxc8 Rxf6 44. Qb7+ Qg7 45. Qe4+ Kh8 46. Qe8+
Kh7 47. Re3 Rf8 48. Qxb5 Rf1+ 49. Kh2 Qc7+ 50. Rg3 Rf7 51. Qd5 Rg7 52. Qe4+ Kh8
53. Qe8+ Kh7 54. Qe4+ Kh8 55. Qe8+ Kh7 56. Qe4+ 1/2-1/2

[Event "Aimchess US Rapid KO 2021"]
[Site "chess24.com INT"]
[Date "2021.08.31"]
[Round "1.13"]
[White "Firouzja, Alireza"]
[Black "So, Wesley"]
[Result "1/2-1/2"]
[WhiteTitle "GM"]
[BlackTitle "GM"]
[WhiteElo "2759"]
[BlackElo "2772"]
[WhiteFideId "12573981"]
[BlackFideId "5202213"]
[EventDate "2021.08.31"]
[EventType "k.o."]

1. e4 c5 2. Nf3 d6 3. Bb5+ Nd7 4. c4 Nf6 5. Nc3 g6 6. O-O Bg7 7. d3 O-O 8. h3
Nb6 9. Na4 Nfd7 10. Nc3 a6 11. Bxd7 Bxd7 12. Be3 f5 13. exf5 gxf5 14. Bg5 Bc6
15. Re1 Rf7 16. Bh4 h6 17. Re6 Qd7 18. Qe2 Re8 19. Re1 Na8 20. Nd5 Bxd5 21. cxd5
Nc7 22. Bxe7 Qb5 23. Bh4 Nxe6 24. dxe6 Rff8 25. e7 Rf7 26. Qe6 Qxd3 27. Qd7 Qb5
28. Qxd6 Qc6 29. Qxc6 bxc6 30. Rd1 Rfxe7 31. Bxe7 Rxe7 32. b3 c4 33. bxc4 Re4
34. Rd8+ Kf7 35. Rd7+ Kf8 36. g3 f4 37. Ra7 fxg3 38. fxg3 Re3 39. Kf2 Ra3 40.
Rc7 a5 41. Rxc6 a4 42. Ra6 Rxa2+ 43. Ke3 a3 44. c5 Rc2 45. Rxa3 Rxc5 46. g4 1/2-1/2

[Event "Aimchess US Rapid KO 2021"]
[Site "chess24.com INT"]
[Date "2021.08.31"]
[Round "1.13"]
[White "Aronian, Levon"]
[Black "Mamedyarov, Shakhriyar"]
[Result "1-0"]
[WhiteTitle "GM"]
[BlackTitle "GM"]
[WhiteElo "2782"]
[BlackElo "2782"]
[WhiteFideId "13300474"]
[BlackFideId "13401319"]
[EventDate "2021.08.31"]
[EventType "k.o."]

1. e4 e5 2. Nf3 Nc6 3. Bb5 a6 4. Ba4 Nf6 5. d3 b5 6. Bb3 Bc5 7. c3 O-O 8. O-O d5
9. exd5 Nxd5 10. Re1 Bg4 11. h3 Bh5 12. Nbd2 Ba7 13. Ne4 f6 14. Be3 Bxe3 15.
fxe3 Kh8 16. Ng3 Bf7 17. d4 Qd7 18. dxe5 Nxe5 19. Nxe5 fxe5 20. c4 Nb6 21. Qxd7
Nxd7 22. cxb5 Bxb3 23. axb3 axb5 24. Rxa8 Rxa8 25. Rc1 Ra7 26. Rd1 c5 27. Ne4 h6
28. Kf2 c4 29. b4 Nb6 30. Nc3 Na4 31. Rd2 Nxc3 32. bxc3 Ra3 33. Rd8+ Kh7 34. Re8
Rxc3 35. Rxe5 Rb3 36. Rxb5 Kg6 37. Kf3 Kf6 38. h4 c3 39. h5 Ke6 40. g4 Kd6 41.
Rc5 Ke6 42. b5 Kd6 43. Rc8 Ke5 44. Rc7 Kf6 45. Kf4 Rxb5 46. Rc6+ Kf7 47. Rxc3
Rb1 48. Rc7+ Kf6 49. Rc6+ Kf7 50. e4 Rf1+ 51. Ke5 Rg1 52. Rc7+ Kg8 53. Kf5 Rf1+
54. Ke6 Rf4 55. e5 Rxg4 56. Rc8+ Kh7 57. Kd5 Rg1 58. e6 Rd1+ 59. Kc6 Rc1+ 60.
Kd7 Rd1+ 61. Ke8 g6 62. Rc7+ Kg8 63. hxg6 h5 64. e7 Kg7 65. Rd7 Ra1 66. Rd6 h4
67. Kd7 Ra7+ 68. Ke6 Ra8 69. Rd8 1-0

[Event "Aimchess US Rapid KO 2021"]
[Site "chess24.com INT"]
[Date "2021.08.31"]
[Round "1.13"]
[White "Carlsen, Magnus"]
[Black "Duda, Jan-Krzysztof"]
[Result "1-0"]
[WhiteTitle "GM"]
[BlackTitle "GM"]
[WhiteElo "2847"]
[BlackElo "2738"]
[WhiteFideId "1503014"]
[BlackFideId "1170546"]
[EventDate "2021.08.31"]
[EventType "k.o."]

1. e4 c5 2. Nf3 e6 3. b3 Nc6 4. Bb2 a6 5. d4 cxd4 6. Nxd4 Qa5+ 7. Nd2 Nf6 8.
Nxc6 dxc6 9. Bd3 Bb4 10. Ke2 O-O 11. Nc4 Qc7 12. Be5 Qd8 13. c3 Be7 14. Bc2 Nd7
15. Bd6 b5 16. Ne3 a5 17. e5 b4 18. Qd3 g6 19. Rad1 Bxd6 20. Qxd6 Qg5 21. Qxc6
Ra7 22. c4 Qxe5 23. Qd6 Qh5+ 24. f3 f5 25. Qxe6+ Kg7 26. Qd6 Nf6 27. Qd4 Re7 28.
Kf2 Rfe8 29. Rhe1 Bb7 30. Qf4 Kg8 31. Nf1 g5 32. Qxf5 Rxe1 33. Rxe1 Qh4+ 34. Ng3
Qd4+ 35. Kf1 Rxe1+ 36. Kxe1 Qe3+ 37. Ne2 Kg7 38. Qxa5 1-0

[Event "Aimchess US Rapid KO 2021"]
[Site "chess24.com INT"]
[Date "2021.08.31"]
[Round "1.14"]
[White "Dominguez Perez, Leinier"]
[Black "Artemiev, Vladislav"]
[Result "0-1"]
[WhiteTitle "GM"]
[BlackTitle "GM"]
[WhiteElo "2758"]
[BlackElo "2704"]
[WhiteFideId "3503240"]
[BlackFideId "24101605"]
[EventDate "2021.08.31"]
[EventType "k.o."]

1. e4 g6 2. d4 Bg7 3. Nc3 d6 4. Be3 a6 5. g4 b5 6. Bg2 Bb7 7. h4 h6 8. h5 g5 9.
Nge2 Nd7 10. Ng3 e6 11. f4 gxf4 12. Bxf4 Nb6 13. Qd3 Nf6 14. g5 Nfd7 15. gxh6
Bxh6 16. Bxh6 Rxh6 17. Qe3 Rh7 18. b3 Qe7 19. a4 b4 20. Nce2 a5 21. O-O-O O-O-O
22. Kb1 Rg8 23. Bf3 Qg5 24. Qf2 Kb8 25. Rhg1 Qf6 26. Qe3 Ka7 27. c3 Qh6 28. Qf2
Kb8 29. cxb4 axb4 30. Rc1 Rg5 31. Qe1 c5 32. dxc5 dxc5 33. Qd2 f6 34. Qd6+ Ka7
35. Qxe6 Re5 36. Qg4 Qe3 37. Ka2 c4 38. Rb1 Nc5 39. Qf4 Qd3 40. Nc1 cxb3+ 41.
Nxb3 Qc2+ 0-1

[Event "Aimchess US Rapid KO 2021"]
[Site "chess24.com INT"]
[Date "2021.08.31"]
[Round "1.14"]
[White "Mamedyarov, Shakhriyar"]
[Black "Aronian, Levon"]
[Result "0-1"]
[WhiteTitle "GM"]
[BlackTitle "GM"]
[WhiteElo "2782"]
[BlackElo "2782"]
[WhiteFideId "13401319"]
[BlackFideId "13300474"]
[EventDate "2021.08.31"]
[EventType "k.o."]

1. d4 Nf6 2. c4 e6 3. Nc3 Bb4 4. f3 c5 5. d5 b5 6. e4 d6 7. Ne2 O-O 8. Nf4 e5 9.
Ne2 bxc4 10. Ng3 Ba6 11. h4 Nbd7 12. Be2 Rb8 13. Qc2 Ne8 14. Nf5 Nb6 15. Kf2 Nc7
16. a4 Ba5 17. g4 Bc8 18. Nb5 Bxf5 19. gxf5 Na6 20. Nxa7 Nb4 21. Qd1 Qd7 22. Nb5
f6 23. h5 Nd3+ 24. Bxd3 cxd3 25. Qxd3 c4 26. Qc2 Rfc8 27. Nc3 Na8 28. h6 g5 29.
fxg6 hxg6 30. h7+ Kh8 31. Rh6 g5 32. Be3 Qg7 33. Rah1 Nc7 34. Kg2 Rb3 35. Bc1
Bxc3 36. bxc3 Ra8 37. Kg3 Rxa4 38. Qh2 f5 39. Rxd6 Ne8 40. Rd8 f4+ 41. Kg4 Rb8
42. Rxb8 Qd7+ 43. Kxg5 Qg7+ 44. Kh5 Qf7+ 45. Kg4 Qg6+ 46. Kh3 Ra7 47. Rxe8+ Qxe8
48. Bxf4 exf4 49. Kg4 Qg6+ 50. Kxf4 Qf6+ 51. Kg3 Qg5+ 52. Kf2 Ra2+ 0-1

[Event "Aimchess US Rapid KO 2021"]
[Site "chess24.com INT"]
[Date "2021.09.01"]
[Round "1.21"]
[White "Dominguez Perez, Leinier"]
[Black "Artemiev, Vladislav"]
[Result "1/2-1/2"]
[WhiteTitle "GM"]
[BlackTitle "GM"]
[WhiteElo "2758"]
[BlackElo "2704"]
[WhiteFideId "3503240"]
[BlackFideId "24101605"]
[EventDate "2021.08.31"]
[EventType "k.o."]

1. e4 c6 2. d4 d5 3. e5 Bf5 4. Nf3 e6 5. Be2 c5 6. Be3 cxd4 7. Nxd4 Ne7 8. Nd2
Nbc6 9. N2f3 Be4 10. O-O a6 11. Rc1 Rc8 12. c3 Qd7 13. Re1 h6 14. h3 Nxd4 15.
Nxd4 Nc6 16. Nxc6 Rxc6 17. a4 Be7 18. b4 O-O 19. b5 axb5 20. Bxb5 Ba3 21. Bxh6
Bxc1 22. Bxc1 Qc7 23. Bxc6 Qxc6 24. f3 Bg6 25. Qd4 Rc8 26. Be3 Qxc3 27. Rc1 Bc2
28. Qxc3 Rxc3 29. Kf2 Rc4 30. a5 f6 31. exf6 gxf6 32. Ke1 Bd3 33. Rxc4 Bxc4 34.
g4 e5 35. Kf2 d4 36. Bd2 Kf7 37. h4 f5 38. gxf5 Kf6 39. h5 Kxf5 40. h6 Kg6 41.
Bg5 Bd3 42. h7 Kxh7 43. Bf6 e4 44. fxe4 Bxe4 45. Bxd4 Kg6 46. Ke3 1/2-1/2

[Event "Aimchess US Rapid KO 2021"]
[Site "chess24.com INT"]
[Date "2021.09.01"]
[Round "1.21"]
[White "So, Wesley"]
[Black "Firouzja, Alireza"]
[Result "1/2-1/2"]
[WhiteTitle "GM"]
[BlackTitle "GM"]
[WhiteElo "2772"]
[BlackElo "2759"]
[WhiteFideId "5202213"]
[BlackFideId "12573981"]
[EventDate "2021.08.31"]
[EventType "k.o."]

1. c4 e6 2. Nf3 d5 3. e3 Nf6 4. b3 Be7 5. Bb2 O-O 6. Nc3 c5 7. cxd5 exd5 8. d4
Nc6 9. Be2 Ne4 10. O-O Bf6 11. Na4 Bg4 12. h3 Bxf3 13. gxf3 Ng5 14. Nxc5 Nxh3+
15. Kg2 Bxd4 16. Bxd4 Qg5+ 17. Kxh3 Qh5+ 18. Kg3 Qg5+ 19. Kh3 Qh5+ 20. Kg3 Qg5+
21. Kh3 1/2-1/2

[Event "Aimchess US Rapid KO 2021"]
[Site "chess24.com INT"]
[Date "2021.09.01"]
[Round "1.21"]
[White "Mamedyarov, Shakhriyar"]
[Black "Aronian, Levon"]
[Result "0-1"]
[WhiteTitle "GM"]
[BlackTitle "GM"]
[WhiteElo "2782"]
[BlackElo "2782"]
[WhiteFideId "13401319"]
[BlackFideId "13300474"]
[EventDate "2021.08.31"]
[EventType "k.o."]

1. d4 Nf6 2. c4 e6 3. Nf3 d5 4. Nc3 Bb4 5. Bg5 h6 6. Bxf6 Qxf6 7. Qa4+ Nc6 8. e3
O-O 9. Rc1 Rd8 10. Be2 dxc4 11. Qb5 Qe7 12. Bxc4 Na5 13. a3 Bd7 14. Qxb4 Qxb4
15. axb4 Nxc4 16. b3 Nd6 17. Ne5 a5 18. bxa5 Rxa5 19. Kd2 Be8 20. Kc2 c5 21.
dxc5 Rxc5 22. Nd3 Rg5 23. g3 Bc6 24. Rhe1 Ne4 25. Rcd1 Nxc3 26. Kxc3 Bf3 27. Ra1
Rgd5 28. Nb2 b5 29. e4 Rd4 30. b4 e5 31. Ra5 Rc8+ 32. Kb3 Bxe4 33. Rxb5 Bd5+ 34.
Ka3 Rc3+ 35. Ka4 Bc6 0-1

[Event "Aimchess US Rapid KO 2021"]
[Site "chess24.com INT"]
[Date "2021.09.01"]
[Round "1.21"]
[White "Duda, Jan-Krzysztof"]
[Black "Carlsen, Magnus"]
[Result "0-1"]
[WhiteTitle "GM"]
[BlackTitle "GM"]
[WhiteElo "2738"]
[BlackElo "2847"]
[WhiteFideId "1170546"]
[BlackFideId "1503014"]
[EventDate "2021.08.31"]
[EventType "k.o."]

1. e4 e5 2. Nf3 Nc6 3. Bb5 Nf6 4. d3 Bc5 5. Bxc6 dxc6 6. Nbd2 Bg4 7. h3 Bh5 8.
g4 Bg6 9. Nb3 Bd6 10. Bg5 h6 11. Bh4 h5 12. Rg1 hxg4 13. hxg4 Qe7 14. Qe2 O-O-O
15. O-O-O Qe6 16. Kb1 Rde8 17. Rg3 Nd7 18. Bg5 f6 19. Be3 Bf7 20. c4 b6 21. Nfd2
g5 22. d4 exd4 23. Nxd4 Qe5 24. Nxc6 Qe6 25. Rgg1 Kb7 26. Nd4 Qe5 27. Nf5 Bc5
28. f3 Bxe3 29. Nxe3 Nc5 30. Ka1 Rd8 31. Ndf1 a5 32. Rxd8 Rxd8 33. Ng3 a4 34.
Kb1 a3 35. Nd5 c6 36. Ne3 Na4 37. Qc2 Nxb2 38. c5 Rd3 39. Ngf5 bxc5 40. Rh1 Qe6
41. Nd5 cxd5 42. Qxc5 dxe4 0-1

[Event "Aimchess US Rapid KO 2021"]
[Site "chess24.com INT"]
[Date "2021.09.01"]
[Round "1.22"]
[White "Artemiev, Vladislav"]
[Black "Dominguez Perez, Leinier"]
[Result "1/2-1/2"]
[WhiteTitle "GM"]
[BlackTitle "GM"]
[WhiteElo "2704"]
[BlackElo "2758"]
[WhiteFideId "24101605"]
[BlackFideId "3503240"]
[EventDate "2021.08.31"]
[EventType "k.o."]

1. Nf3 Nf6 2. b3 c5 3. Bb2 Nc6 4. e3 g6 5. c4 Bg7 6. Be2 O-O 7. O-O b6 8. d4
cxd4 9. Nxd4 Bb7 10. Bf3 Qb8 11. Nc3 Nxd4 12. exd4 d5 13. cxd5 Rd8 14. Re1 Nxd5
15. Nxd5 Bxd5 16. Rxe7 Qf4 17. Bxd5 Rxd5 18. g3 Qd6 19. Qf3 Qxe7 20. Qxd5 Rd8
21. Qc4 h5 22. Bc3 h4 23. Re1 Qd7 24. Qd3 h3 25. f3 Bxd4+ 26. Qxd4 Qxd4+ 27.
Bxd4 Rxd4 28. Kf2 f5 29. Ke3 Rd7 30. Rc1 g5 31. Rc6 Re7+ 32. Kf2 Kg7 33. a4 Rd7
34. Ke2 Re7+ 35. Kf2 Rd7 36. Ke2 Re7+ 37. Kf2 Rd7 1/2-1/2

[Event "Aimchess US Rapid KO 2021"]
[Site "chess24.com INT"]
[Date "2021.09.01"]
[Round "1.22"]
[White "Firouzja, Alireza"]
[Black "So, Wesley"]
[Result "1-0"]
[WhiteTitle "GM"]
[BlackTitle "GM"]
[WhiteElo "2759"]
[BlackElo "2772"]
[WhiteFideId "12573981"]
[BlackFideId "5202213"]
[EventDate "2021.08.31"]
[EventType "k.o."]

1. e4 e5 2. Nf3 Nc6 3. Bb5 Nf6 4. O-O Nxe4 5. Re1 Nd6 6. Nxe5 Be7 7. Bf1 Nf5 8.
Nf3 d5 9. d4 O-O 10. c3 Re8 11. a4 Bd6 12. Rxe8+ Qxe8 13. a5 Nce7 14. a6 b6 15.
c4 Be6 16. Nc3 c6 17. b3 f6 18. Qc2 Rc8 19. Bb2 Qd7 20. Bd3 g6 21. c5 Bc7 22.
cxb6 axb6 23. Ne2 Ra8 24. Bc1 Nd6 25. Bf4 Ra7 26. h3 Ne8 27. Qd2 Bf5 28. Bxf5
Nxf5 29. Ne1 Qc8 30. Rc1 Rxa6 31. Nd3 Bxf4 32. Nexf4 Ra7 33. Nxd5 Nxd4 34. Qe3
Qd8 35. Qxd4 Qxd5 36. Qxb6 Rc7 37. Re1 Rc8 38. Nf4 Qb5 39. Qxb5 cxb5 40. Nd5 Kf8
41. Re6 Rc1+ 42. Kh2 Rc2 43. Nxf6 Nxf6 44. Rxf6+ Ke7 45. Rf3 b4 46. Rf4 Rb2 47.
Rxb4 Rxf2 48. Rb7+ Kf6 49. Rxh7 g5 50. Rc7 Rb2 51. Rc3 Kf5 52. Kg3 Ke4 53. Rc5
g4 54. h4 1-0

[Event "Aimchess US Rapid KO 2021"]
[Site "chess24.com INT"]
[Date "2021.09.01"]
[Round "1.22"]
[White "Aronian, Levon"]
[Black "Mamedyarov, Shakhriyar"]
[Result "1/2-1/2"]
[WhiteTitle "GM"]
[BlackTitle "GM"]
[WhiteElo "2782"]
[BlackElo "2782"]
[WhiteFideId "13300474"]
[BlackFideId "13401319"]
[EventDate "2021.08.31"]
[EventType "k.o."]

1. e4 e5 2. Nf3 Nc6 3. Bc4 Bc5 4. c3 Nf6 5. d4 exd4 6. cxd4 Bb4+ 7. Bd2 Bxd2+ 8.
Nbxd2 d5 9. exd5 Nxd5 10. Qb3 Nce7 11. O-O O-O 12. Rfe1 c6 13. Ne4 Nb6 14. Bf1
h6 15. Nc5 Qc7 16. Ne5 Nbd5 17. Rad1 b6 18. Ne4 Be6 19. a3 Rad8 20. Qc2 Rfe8 21.
h3 Nf4 22. Qc1 Nfg6 23. Nxg6 Nxg6 24. Nc3 Qd6 25. g3 Ne7 26. Bg2 Rc8 27. Rd2
Red8 28. Qd1 Rd7 29. Qa4 Rcd8 30. Red1 a5 31. b4 b5 32. Qxa5 Bb3 33. Rb1 Qb8 34.
Rxb3 Ra7 35. Qxa7 Qxa7 36. d5 Nf5 37. Ne2 cxd5 38. Bxd5 Qe7 39. Rbd3 Kf8 40. Bf3
Rxd3 41. Rxd3 Nd6 42. Kg2 g6 43. Nc3 Qe5 44. a4 bxa4 45. Nxa4 Kg7 46. Rd5 Qf6
47. b5 Nc4 48. b6 Nxb6 49. Nxb6 Qxb6 50. h4 Qe6 51. h5 g5 52. g4 Qf6 53. Rf5 Qe7
54. Bd5 f6 55. Bf3 Qb4 56. Rd5 Qe7 57. Rf5 Qb4 58. Rd5 Qe7 59. Rf5 1/2-1/2